VARIABLE ANNUITIES A GLOBAL PERSPECTIVE (Record no. 21392)

MARC details
000 -LEADER
fixed length control field 00352nam a2200133Ia 4500
008 - FIXED-LENGTH DATA ELEMENTS--GENERAL INFORMATION
fixed length control field 240624s9999 xx 000 0 und d
041 ## - LANGUAGE CODE
Language code of text/sound track or separate title eng
082 ## - DEWEY DECIMAL CLASSIFICATION NUMBER
Classification number 368.3 KAL
100 ## - MAIN ENTRY--PERSONAL NAME
Personal name KALBERER TIGRAN
245 ## - TITLE STATEMENT
Title VARIABLE ANNUITIES A GLOBAL PERSPECTIVE
260 ## - PUBLICATION, DISTRIBUTION, ETC.
Date of publication, distribution, etc. 2009
Place of publication, distribution, etc. London
Name of publisher, distributor, etc. Risk Books
300 ## - PHYSICAL DESCRIPTION
Extent xxxii, : 298 : p. : cm. ; 23
365 ## - TRADE PRICE
Currency code GBP
Price amount 20
Holdings
Withdrawn status Lost status Damaged status Not for loan Home library Current library Shelving location Date acquired Source of acquisition Cost, normal purchase price Full call number Barcode Date last seen Copy number Price effective from Koha item type
        IMTN IMTN Rack 16-B 05/29/2013 TB 145.00 368.3 KAL 21392 06/24/2024 88 06/24/2024 Books
Designed & Maintained by: LRC IMT Nagpur Contact: lrc@imtnag.ac.in© 2024. All Rights Reserved.